Devises européennes pré-euro - Statistiques

Statistiques générales
  • Ce quiz a été pris 223 fois
  • Le résultat moyen est 10 sur 19
Statistiques - réponses
pays devise % Correct
Belgique franc
99%
France franc
99%
Luxembourg franc
99%
Malte lira
80%
Chypre livre
80%
Allemagne mark
79%
Finlande mark
74%
Irlande punt
71%
Espagne peseta
58%
Slovaquie couronne
55%
Italie lira
44%
Grèce drachme
41%
Pays-Bas florin
35%
Portugal escudo
33%
Autriche schilling
33%
Slovénie tolar
7%
Lituanie litas
6%
Lettonie lats
5%
Estonie kroon
2%
Aucun quiz correspondant
Distribution des résultats
% des personnes avec chaque résultat
Percentile par nombre de réponses
Votre historique - résultats
Vous n’avez pas pris ce quiz